| 000 | 01712nam a22002657a 4500 | ||
|---|---|---|---|
| 999 |
_c13946 _d13946 |
||
| 003 | AR-CdUCM | ||
| 008 | 190417b ||||| |||| 00| 0 spa d | ||
| 040 |
_aMUNICIPALIDAD PROVINCIAL DEL CUSCO _cBIBLIOTECA MUNICIPAL DEL CUSCO |
||
| 041 | _heng | ||
| 082 |
_23ed. _a920 / _bUN63 |
||
| 100 |
_aUntermeyer, Louis _921351 |
||
| 245 |
_aForjadores del mundo moderno : _bLa vida de escritores, artistas, científicos, estadistas, inventores, filósofos, compositores y otros creadores que han cambiado la faz del mundo / |
||
| 260 |
_aMéxico D. F. : _bBiografías Gandesa, _c1961. |
||
| 300 |
_a7 tomos ; _bretratos, _c21 cm. |
||
| 505 | _aContenido: t.1: 1776 a 1844 -- Bernardo O´Higgins -- José de San Martín -- Bernardino Rivadavia -- Andrés Bello ... -- t.2: 1845 a 1874 -- Guillermo Conrado Roentgen -- Eca de Queiroz -- Alexander Graham Bell -- Tomás Alva Edison ... -- t.3: 1875 a 1914 -- Albert Schweitzer -- Thomas Mann -- Rainer María Rilke ... -- t.4: 1642 a 1766 -- Isaac Newton -- Voltaire -- El marqués de la Ensenada -- Benjamín Franklin ... -- t.5: 1767 a 1836 -- Luis de saint-Just -- Chateaubriand -- El duque de Wellington -- Napoleón Bonaparte ... -- t.6: 1836 a 1880 -- Máximo Gómez -- Mariana Fortuny -- John D. Rockefeller ... -- t.7: 1881 a 1934 -- Stefan Zweig -- Roger Martin du Gard -- Joaquín García Monge -- Cecil B. de Mille ... | ||
| 650 |
_aBiografías _9148 |
||
| 650 |
_aForjadores de la historia _932577 |
||
| 650 |
_aColecciones _9607 |
||
| 700 |
_aLuelmo, Julio _932578 |
||
| 700 |
_aFrances, Jose María _932579 |
||
| 700 |
_aMazon, Eduardo _932580 |
||
| 700 |
_aVazquez J., Carmen (traductores) _932581 |
||
| 942 |
_2ddc _cLIBROS |
||
| 945 |
_aachl _d2019-04-17 |
||